000
00431nam a2200145Ia 4500
008
090122s9999 xx 000 0 und d
082
_b
8672
_a
891.4683
100
_a
खांडेकर
_b
वि
_c
स
245
_a
जळलेला मोहर
600
_a
खांडेकर
630
_a
जळलेला मोहर
700
_a
खांडेकर
730
_a
जळलेला मोहर
942
_c
BOOK
999
_c
32749
_d
32749